[Event "Andalucia-chB"]
[Site "Linares"]
[Date "2025.05.25"]
[Round "5"]
[White "Otero Porcel, Yago"]
[Black "Conde Chamizo, Pablo"]
[Result "1/2-1/2"]
[WhiteElo "1874"]
[BlackElo "1982"]
[PlyCount "81"]
[EventDate "2025.05.23"]
[EventType "swiss"]
[EventRounds "7"]
[EventCountry "ESP"]
[SourceTitle "CB22_2025"]
[SourceDate "2025.05.28"]
[SourceVersion "1"]
[SourceVersionDate "2025.05.28"]
[SourceQuality "1"]

1. e4 c5 2. d4 cxd4 3. c3 d5 4. exd5 Qxd5 5. cxd4 Nc6 6. Be3 Nf6 7. Nc3 Qa5 8. Qd2 Bf5 9. a3 e6 10. Rc1 Be7 11. Nf3 0-0 12. Bd3 Bg4 13. h3 Bxf3 14. gxf3 Rfd8 15. Rg1 Nxd4 16. Bxd4 Rxd4 17. Bxh7+ Nxh7 18. Qxd4 Bf6 19. Qe3 Qf5 20. Rg4 Ng5 21. f4 Bd4 22. Qg3 Ne4 23. Nxe4 Qxe4+ 24. Kf1 Qh1+ 25. Qg1 Qxh3+ 26. Qg2 Qxg2+ 27. Kxg2 Bxb2 28. Rb1 Bxa3 29. Rxb7 a5 30. Rg3 Bd6 31. Rd3 Bxf4 32. Rdd7 Rf8 33. Ra7 Bh6 34. Rxa5 Rb8 35. Ra6 Rb2 36. Ra8+ Kh7 37. Rxf7 Kg6 38. Rff8 e5 39. Ra6+ Kh7 40. Rfa8 Bf4 41. Ra2 1/2-1/2

[Event "Andalucia-chB"]
[Site "Linares"]
[Date "2025.05.24"]
[Round "2"]
[White "Conde Chamizo, Pablo"]
[Black "Moncada Rodriguez, Cristobal"]
[Result "0-1"]
[WhiteElo "1982"]
[BlackElo "1862"]
[PlyCount "122"]
[EventDate "2025.05.23"]
[EventType "swiss"]
[EventRounds "7"]
[EventCountry "ESP"]
[SourceTitle "CB22_2025"]
[SourceDate "2025.05.28"]
[SourceVersion "1"]
[SourceVersionDate "2025.05.28"]
[SourceQuality "1"]

1. c4 e6 2. g3 Nf6 3. Bg2 d5 4. Nf3 Be7 5. 0-0 c6 6. d4 0-0 7. Nc3 b6 8. Ne5 Qc7 9. e4 dxc4 10. Nxc4 Ba6 11. b3 Rd8 12. Re1 c5 13. d5 b5 14. Bf4 Qc8 15. Ne3 Nc6 16. e5 Nxd5 17. Ncxd5 exd5 18. Nxd5 Bb7 19. Qe2 Rxd5 20. Bxd5 Nd4 21. Qe4 Bxd5 22. Qxd5 Nc2 23. e6 f6 24. Bd6 Nxa1 25. Bxe7 Nc2 26. Rd1 Nd4 27. Bxc5 Ne2+ 28. Kf1 Nc3 29. Qd7 Nxd1 30. Qf7+ Kh8 31. e7 h6 32. Bd4 Qe8 33. Qe6 Qg6 34. Qe2 Re8 35. Qxd1 Rxe7 36. Be3 Qe8 37. Qg4 Re4 38. Qf5 Re5 39. Qg4 h5 40. Qd4 a5 41. h4 b4 42. Kg1 Qe6 43. Qd8+ Kh7 44. Kh2 Qd5 45. Qc7 a4 46. Qc2+ Qe4 47. Qxe4+ Rxe4 48. bxa4 Re5 49. Bd2 Re2 50. Bxb4 Rxf2+ 51. Kh3 Rxa2 52. a5 Ra4 53. Bd2 Kg6 54. Bc3 Kf5 55. Bd2 Ra2 56. Bb4 g5 57. hxg5 fxg5 58. g4+ hxg4+ 59. Kg3 Ra4 60. Bd2 Ra3+ 61. Kf2 g3+ 0-1

[Event "Andalucia-chB"]
[Site "Linares"]
[Date "2025.05.23"]
[Round "1"]
[White "Barrios Del Pozo, Oscar"]
[Black "Conde Chamizo, Pablo"]
[Result "0-1"]
[WhiteElo "1752"]
[BlackElo "1982"]
[PlyCount "60"]
[EventDate "2025.05.23"]
[EventType "swiss"]
[EventRounds "7"]
[EventCountry "ESP"]
[SourceTitle "CB22_2025"]
[SourceDate "2025.05.28"]
[SourceVersion "1"]
[SourceVersionDate "2025.05.28"]
[SourceQuality "1"]

1. Nf3 c5 2. e3 g6 3. d4 Bg7 4. c4 cxd4 5. exd4 d5 6. Bf4 Nf6 7. Nc3 0-0 8. Be2 dxc4 9. Bxc4 Bg4 10. Be3 Nbd7 11. h3 Bf5 12. 0-0 Nb6 13. Bb3 Nfd5 14. Qe2 Nxe3 15. fxe3 a5 16. Ng5 e6 17. Nf3 e5 18. Rad1 exd4 19. Nxd4 Bd7 20. Qf3 Qe7 21. Kh1 a4 22. Nd5 Nxd5 23. Bxd5 Rab8 24. Qf4 Be5 25. Qe4 Bd6 26. Bxb7 Qxe4 27. Bxe4 Rxb2 28. Nc2 Rb6 29. Rd4 Be8 30. Rf6 Rb1+ 0-1

[Event "Benidorm Bali op-B 21st"]
[Site "Benidorm"]
[Date "2024.12.05"]
[Round "9"]
[White "Ferro Martinez, Damian"]
[Black "Conde Chamizo, Pablo"]
[Result "0-1"]
[WhiteElo "1890"]
[BlackElo "1965"]
[PlyCount "78"]
[EventDate "2024.11.29"]
[EventType "swiss"]
[EventRounds "9"]
[EventCountry "ESP"]
[SourceTitle "CB50_2024"]
[SourceDate "2024.11.01"]
[SourceVersion "1"]
[SourceVersionDate "2024.11.01"]
[SourceQuality "2"]

1. d4 Nf6 2. c4 e6 3. Nc3 d5 4. cxd5 exd5 5. Bg5 Be7 6. e3 c6 7. Bd3 Nbd7 8. Nge2 0-0 9. 0-0 h6 10. Bh4 Ne4 11. Bxe7 Qxe7 12. Bxe4 dxe4 13. d5 cxd5 14. Nxd5 Qe5 15. Qd4 Qxd4 16. Nxd4 Ne5 17. Nc3 f5 18. Nd5 Nd3 19. b3 Kh7 20. Rad1 b6 21. Rd2 Bb7 22. Ne7 g6 23. Rc2 Rf7 24. Nec6 Rc7 25. b4 b5 26. Na5 Rxc2 27. Nxc2 Bd5 28. a3 Rc8 29. Nd4 a6 30. g3 Rc3 31. Ra1 Kg7 32. a4 bxa4 33. Rxa4 Rc1+ 34. Kg2 Ne1+ 35. Kh3 Nf3 36. Nab3 Bxb3 37. Nxb3 Rh1 38. Kg2 Rg1+ 39. Kh3 g5 0-1

[Event "Benidorm Bali op-B 21st"]
[Site "Benidorm"]
[Date "2024.12.01"]
[Round "4"]
[White "Conde Chamizo, Pablo"]
[Black "Saheb, Kamel"]
[Result "0-1"]
[WhiteElo "1965"]
[BlackElo "1932"]
[PlyCount "90"]
[EventDate "2024.11.29"]
[EventType "swiss"]
[EventRounds "9"]
[EventCountry "ESP"]
[SourceTitle "CB50_2024"]
[SourceDate "2024.11.01"]
[SourceVersion "1"]
[SourceVersionDate "2024.11.01"]
[SourceQuality "2"]

1. c4 g6 2. g3 Bg7 3. Bg2 Nf6 4. Nc3 0-0 5. d4 c5 6. Nf3 cxd4 7. Nxd4 Nc6 8. 0-0 Qb6 9. Nb3 d6 10. Be3 Qd8 11. Rc1 Be6 12. Nd5 Ng4 13. Bd4 Nxd4 14. Nxd4 Bd7 15. b3 e6 16. Nc3 Qb6 17. e3 h5 18. Qd2 Rfd8 19. Rfd1 h4 20. h3 Ne5 21. g4 Bc6 22. f4 Rac8 23. Qf2 Bxg2 24. Kxg2 Nc6 25. Nf3 Qb4 26. Qd2 Bf6 27. g5 Bxc3 28. Qxc3 Qxc3 29. Rxc3 Ne7 30. e4 b5 31. Rcd3 bxc4 32. Rxd6 Rxd6 33. Rxd6 c3 34. Rd1 Nc6 35. Ne1 Nb4 36. a3 Nc6 37. Nc2 Na5 38. b4 Nc4 39. Rd4 e5 40. Rd7 exf4 41. Rd1 Nd2 42. Re1 Rd8 43. Kf2 Rd3 44. b5 Rxh3 45. a4 Rh2+ 0-1

[Event "Benidorm Bali op-B 20th"]
[Site "Benidorm"]
[Date "2023.12.06"]
[Round "7"]
[White "Conde Chamizo, Pablo"]
[Black "Vladut, Matei"]
[Result "1/2-1/2"]
[WhiteElo "1869"]
[BlackElo "1989"]
[PlyCount "93"]
[EventDate "2023.12.01"]
[EventType "swiss"]
[EventRounds "9"]
[EventCountry "ESP"]
[SourceTitle "CBM 217 Extra"]
[Source "ChessBase"]
[SourceDate "2024.01.31"]
[SourceVersion "1"]
[SourceVersionDate "2024.01.31"]
[SourceQuality "1"]

1. c4 c6 2. d4 d5 3. Nc3 e6 4. e3 Nf6 5. Nf3 Nbd7 6. cxd5 exd5 7. Bd3 Bd6 8. Qc2 0-0 9. 0-0 c5 10. dxc5 Nxc5 11. Rd1 Be6 12. Nd4 Rc8 13. Qb1 Bb8 14. Bf5 Qc7 15. f4 Rfe8 16. b4 Bxf5 17. Nxf5 Nce4 18. Nxe4 Rxe4 19. a3 Qb6 20. Rxd5 Qe6 21. Rb5 a6 22. Nxg7 Kxg7 23. Rg5+ Kf8 24. Bb2 Rxe3 25. Bd4 Bxf4 26. Rc5 Rd8 27. Bxe3 Bxe3+ 28. Kh1 Bxc5 29. bxc5 Qe4 30. Qb6 Qd4 31. Rf1 Kg7 32. Qxb7 Qc4 33. Qf3 Qd4 34. c6 Rc8 35. h3 Qd6 36. Rc1 Rc7 37. Qc3 a5 38. Qxa5 Rxc6 39. Qg5+ Kf8 40. Qh6+ Ke7 41. Re1+ Kd7 42. Qg7 Qd5 43. Qf8 Re6 44. Qxf7+ Kd6 45. Qf8+ Kd7 46. Qf7+ Kd6 47. Qf8+ 1/2-1/2

[Event "Seville City-ch Blitz"]
[Site "Seville"]
[Date "2023.02.28"]
[Round "6"]
[White "Silva Lucena, Cristian"]
[Black "Conde Chamizo, Pablo"]
[Result "1-0"]
[WhiteElo "2303"]
[BlackElo "1834"]
[PlyCount "73"]
[EventDate "2023.02.28"]
[EventType "swiss (blitz)"]
[EventRounds "10"]
[EventCountry "ESP"]
[SourceTitle "CBM 213 Extra"]
[Source "ChessBase"]
[SourceDate "2023.05.31"]
[SourceVersion "1"]
[SourceVersionDate "2023.05.31"]
[SourceQuality "1"]

1. d4 Nf6 2. c4 e6 3. Nc3 d5 4. cxd5 exd5 5. Bg5 Nbd7 6. Qc2 c6 7. e3 Be7 8. Bd3 0-0 9. Nge2 h6 10. Bf4 Nh5 11. Be5 Nxe5 12. dxe5 g6 13. Nf4 Ng7 14. h4 Bf5 15. h5 Bxd3 16. Qxd3 g5 17. Nfe2 Qd7 18. Ng3 Rae8 19. 0-0-0 Bb4 20. Nce4 Be7 21. Nf6+ Bxf6 22. exf6 Ne6 23. Nf5 Nc5 24. Nxh6+ Kh8 25. Qc2 Ne4 26. f4 gxf4 27. exf4 Nxf6 28. g4 Nxg4 29. Nf5 Ne3 30. Qc3+ d4 31. Rxd4 Qxf5 32. Rd5+ Kh7 33. Rxf5 Nxf5 34. Qd3 Re6 35. Qxf5+ Kh8 36. Rg1 Rfe8 37. Qxf7 1-0

[Event "Andalusia-ch U18"]
[Site "Salobrena"]
[Date "2022.06.30"]
[Round "1"]
[White "Perea Fruet, Lorenzo"]
[Black "Conde Chamizo, Pablo"]
[Result "1-0"]
[WhiteElo "2255"]
[BlackElo "1789"]
[PlyCount "63"]
[EventDate "2022.06.30"]
[EventType "swiss"]
[EventRounds "6"]
[EventCountry "ESP"]
[SourceTitle "EXT 2023"]
[Source "ChessBase"]
[SourceDate "2022.10.05"]
[SourceVersion "1"]
[SourceVersionDate "2022.10.05"]
[SourceQuality "1"]

1. e4 c5 2. Nf3 g6 3. d4 cxd4 4. Qxd4 Nf6 5. Nc3 Nc6 6. Qa4 Qa5 7. Qxa5 Nxa5 8. Nb5 Kd8 9. Ng5 Rg8 10. Nxf7+ Ke8 11. Nc7+ Kxf7 12. Nxa8 Ne8 13. Bf4 d6 14. Be3 b6 15. Bb5 Nf6 16. b4 Nb7 17. f3 Bg7 18. 0-0-0 Be6 19. Nc7 Bxa2 20. Kb2 Rc8 21. Kxa2 Rxc7 22. Kb3 Kf8 23. Bd4 e5 24. Bb2 a5 25. c3 Ke7 26. Rd3 Nd7 27. Rhd1 Bf8 28. Ka4 Kf7 29. Bxd7 Rxd7 30. Kb5 Nd8 31. Ba3 Rb7 32. Ka6 1-0